000 00710cam a22002417a 4500
003 CHAP
005 20220329141514.0
008 971013s r 00010 d
010 _a69245
011 _a70217
035 _a79698
040 _cCHAP
090 _aR-2819
100 0 0 _aHrabetova - Uhrova, Anezka.
_956547
245 0 _aHloh (Crataegus L.) v Dolnim pomoravi weissdorn (Crataegus L.) im Niedermarchglbiet
500 _aSobretiro : Preslia (Praha) 45: 31-36, 1973
590 _aBATCH-UPD
_b10
_c20130110
_lUCH01
_h0744
590 _aCONVERSION
_b10
_c20130109
_lUCH01
_h1338
650 1 4 _aTejocote.
_9112033
901 _aBK
942 _cREIMP
949 _aR-2819
_bBC
_cR
_d-32587
_eTS1
_i79698
_si
999 _c69245
_d69245